Responses for Show #6694 - Thursday, October 24, 2013

Contestants

[<< previous game]

Mike Shapiro, an actuary from Denver, Colorado

Rebecca Anderson, an accounting manager from Phoenix, Arizona

Bill Tolany, a marketing executive from Austin, Texas (whose 3-day cash winnings total $44,200)

[next game >>]

Jeopardy! Round responses

HOSPITAL CORNERS
WHAT'S ON YOUR iPOD?
MATH APPEAL
FOODIE CALL
FRAGILE
THIS SIDE "UP"
    $200 26
the Mayo Clinic

Mike
    $200 16
Lady Gaga

Mike
    $200 11
(Bill: What is 3,600 square feet?)

8,100 square feet

BillMike
    $200 1
salt

Rebecca
    $200 21
bubbles

Mike
    $200 6
uptight

Mike
    $400 27
[The end-of-round signal sounds.]

Northwestern

Rebecca
    $400 17
Cirque du Soleil

Bill
    $400 12
a dividend

Mike
    $400 2
truffles

Rebecca
    $400 22
chromosome

Bill
    $400 7
Weekend Update

Rebecca
    $600 18
Rascal Flatts

Bill
    $600 13
a percentage

Bill
    $600 3
(Mike: What is The Cooking Institute of America?)

the Culinary Institute of America

RebeccaMike
    $600 24
Elizabeth Warren

Bill
    $600 8
(Bill: Uh, what is [*] the usual suspects?)
[Initially ruled correct; reversed during the commercial break because "That line comes later in the film, not at the very beginning"]

round up

Bill
Triple Stumper
    $800 19
James Brown

Rebecca
    $800 14
prime numbers

Bill
    $800 4
a scallop

Triple Stumper
    $800 23
(Rebecca: What are Ming vases?)

vases

BillRebecca
    $800 9
upgrade

Rebecca
    $1000 20
Rosanne Cash

Triple Stumper
    $1000 15
(Mike: What is the transitive property?)

associative

Mike
Triple Stumper
    $1000 5
a pomegranate

Rebecca
    $1000 25
Hamas

Bill
    $1000 10
updrafts

Bill

Scores at the first commercial break (after clue 15):

Bill Rebecca Mike
$1,600 $3,400 -$800

Scores at the end of the Jeopardy! Round:

Bill Rebecca Mike
$5,400 $3,800 -$200

Double Jeopardy! Round responses

A DAY ON THE BOAT
LET IT SLIDE
OSCAR MIRE
(Alex: Each correct response will be the name of someone who has never won a competitive Oscar.)
"P"OETS
ALBERTA
ANAGRAM PAIRS
(Alex: Each response will be two words, and they will be anagrams of each other.)
    $400 6
the Titanic

Mike
    $400 18
a slide show

Mike
    $400 2
Alfred Hitchcock

Bill
    $400 12
(Rebecca: Who is Plath?)

(Dorothy) Parker

BillRebecca
    $400 25
Calgary

Mike
    $400 9
gum mug

Mike
    $800 20
the Santa Maria

Mike
    $800 19
a water slide

Bill
    $800 5
Glenn Close

Bill
    $800 13
(Sylvia) Plath

Rebecca
    $800 17
the wild rose

Triple Stumper
    $800 1
tense teens

Bill
    $1200 21
the Constitution

Bill
    $1200 23
(baseball) pitching

Rebecca
    $1200 4
Peter O'Toole

Bill
    $1200 14
Pope

Mike
    $1200 26
Joni Mitchell

Mike
    $1200 7
friend finder

Mike
    $2,000 22
(Mike: [Pauses] I don't know it.)
...
(Alex: Confederate submarine.)

the Hunley

Bill
    $1600 3
Johnny Depp

Bill
    $2,500 15
(Ezra) Pound

Mike
    $1600 27
[The end-of-round signal sounds.]

a prairie

Bill
    $1600 8
waste sweat

Bill
    $2000 24
(Rebecca: What is a whistle?)

trombone

BillRebecca
    $2000 11
Kathleen Kennedy

Triple Stumper
    $2000 16
(Bill: Who is Plutarch?)

Petrarch

BillMike
    $2000 10
hornet throne

Mike

Scores at the end of the Double Jeopardy! Round:

Bill Rebecca Mike
$13,800 $3,400 $12,300

[wagering suggestions for these scores]

Final Jeopardy! Round responses

ART IN THE U.S. CAPITOL
(Alex: No, the correct response is [*], Swedish diplomat, helped save many Hungarian Jews in, uh, World War II.)
RebeccaWho is Weisel
$3,300
MikeWho is Kissinger?
$8,899
BillWho is Desrali?
$12,300
Raoul Wallenberg

Final scores:

Bill Rebecca Mike
$1,500 $100 $3,401
2nd place: $2,000 3rd place: $1,000 New champion: $3,401

Game dynamics:

Coryat scores:

Bill Rebecca Mike
$15,800 $3,400 $11,400
20 R,
4 W
(including 1 DD)
10 R,
3 W
17 R
(including 1 DD),
2 W

Combined Coryat: $30,600

[game clues] [game scores] [suggest correction]

Game tape date: 2013-09-11
The J! Archive is created by fans, for fans. Scraping, republication, monetization, and malicious use prohibited; this site may use cookies and collect identifying information. See terms. The Jeopardy! game show and all elements thereof, including but not limited to copyright and trademark thereto, are the property of Jeopardy Productions, Inc. and are protected under law. This website is not affiliated with, sponsored by, or operated by Jeopardy Productions, Inc. Join the discussion at JBoard.tv.